Πως είδα το αναγνωστικό της ΣΤ' τάξεως του δημοτικού σχολείου και πως το δίδαξα : (κριτική ανάλυση - διδακτική αναγνώσεως)
Αποθηκεύτηκε σε:
| Κύριος συγγραφέας: | |
|---|---|
| Μορφή: | Βιβλίο |
| Γλώσσα: | Greek |
| Δημοσίευση: |
Αθήναι ; Πάτραι :
Καγιάφας,
[1953;]
|
| Θέματα: | |
| Ετικέτες: |
Προσθήκη ετικέτας
Δεν υπάρχουν, Καταχωρήστε ετικέτα πρώτοι!
|
MARC
| LEADER | 00000cam a2200000 i 4500 | ||
|---|---|---|---|
| 001 | 1/95544 | ||
| 008 | 081016s1953 gre d | ||
| 035 | |l 10100940 | ||
| 040 | |a GR-MY-UA |b gre |e aacr | ||
| 041 | 0 | |a gre | |
| 082 | 0 | |a 372.412 |2 (22) | |
| 100 | 1 | |a Μαντάς, Κωνσταντίνος Γ. | |
| 245 | 1 | 0 | |a Πως είδα το αναγνωστικό της ΣΤ' τάξεως του δημοτικού σχολείου και πως το δίδαξα : |b (κριτική ανάλυση - διδακτική αναγνώσεως) / |c Κωνσταντίνου Γεωργ. Μαντά |
| 260 | |a Αθήναι ; Πάτραι : |b Καγιάφας, |c [1953;] | ||
| 300 | |a 66 σ.; |c 22 εκ. | ||
| 504 | |a Βιβλιογραφία: σ. [65]-66 | ||
| 650 | 0 | 0 | |a Education, Elementary. |
| 650 | 0 | 0 | |a Reading (Elementary) |
| 650 | 0 | 0 | |a Reading comprehension |x Study and teaching (Elementary) |
| 650 | 0 | 0 | |a Greek language, Modern |x Study and teaching (Elementary) |
| 650 | 0 | 0 | |a Teaching |x Aids and devices. |
| 650 | 0 | 0 | |a Books and reading. |
| 852 | |a INST |b RHODES |c AKA |e 20081016 |h 372.412 ΜΑΝ |p 005400031008 |q 005400031008 |t BK |y 0 | ||
| 901 | |a BIBL4-2008-3 | ||
| 909 | |a Ρ |b 153371 | ||
| 970 | |a ΧΑΡΙΟΠΟΛΙΤΟΥ |b ΚΩΝΣΤΑΝΤΙΝΑ |z 2008/10/16 | ||